NLSUI OPAC header image

Climate change in the global workplace : (Record no. 212465)

MARC details
000 -LEADER
fixed length control field 02737cam a2200289 i 4500
005 - DATE AND TIME OF LATEST TRANSACTION
control field 20260408143231.0
006 - FIXED-LENGTH DATA ELEMENTS--ADDITIONAL MATERIAL CHARACTERISTICS
fixed length control field m |o d |
007 - PHYSICAL DESCRIPTION FIXED FIELD--GENERAL INFORMATION
fixed length control field cr |||||||||||
008 - FIXED-LENGTH DATA ELEMENTS--GENERAL INFORMATION
fixed length control field 201201s2021 enk ob 001 0 eng
020 ## - INTERNATIONAL STANDARD BOOK NUMBER
Canceled/invalid ISBN 9780367762322 (pbk)
082 00 - DEWEY DECIMAL CLASSIFICATION NUMBER
Classification number 331.25 NAT
245 00 - TITLE STATEMENT
Title Climate change in the global workplace :
Remainder of title labour, adaptation and resistance /
Statement of responsibility, etc. edited by Nithya Natarajan and Laurie Parsons
264 #1 - PRODUCTION, PUBLICATION, DISTRIBUTION, MANUFACTURE, AND COPYRIGHT NOTICE
Place of production, publication, distribution, manufacture London ;
Name of producer, publisher, distributor, manufacturer Routledge, Taylor & Francis Group,
Date of production, publication, distribution, manufacture, or copyright notice 2021.
300 ## - PHYSICAL DESCRIPTION
Extent xvii, 203 p. ;
Dimensions 24 cm.
365 ## - TRADE PRICE
Price amount Rs. 4047.00
490 0# - SERIES STATEMENT
Series statement Routledge advances in climate change research
505 ## - FORMATTED CONTENTS NOTE
Formatted contents note 1. Introduction: Climate Change in the Global Workplace: Labour, Adaptation and Resistance -<br/>Nithya Natarajan and Laurie Parsons; <br/>Part 1: Labour:<br/>2. Thermal Inequality in a Changing Climate: Heat, Mobility and Precarity in the Cambodian Brick Sector -<br/>Laurie Parsons.;<br/>3. Climate Change Adaptation through Agroecology in Senegal: Enhanced Farm Workers’ Autonomy or New Forms of Vertical Labour Control? - Patrick Bottazzi, Sébastien Boillat, Franziska Marfurt, and Sokhna Mbossé Seck;<br/>4. Routes to Food Security: Strategies of Survival of Marginalised Communities North Western Bangladesh<br/> - Taneesha Mohan;<br/>Part 2: Adaptation:<br/>5. Old Ways and New Routes: Climate Threats and Adaptive Possibilities in the Indian Himalayas - Richard Axelby and Maura Bulgheroni;<br/>6. From Climate Adaptation to Social Reproductive Resistance: Examining the Gendered Climate-Labour Migration Nexus in Southeast Asian Mobilisations for Environmental Justice - Symon James-Wilson;<br/>7. Hands That Adapt: Seasonal Labour Migration, Climate Change and the Making of Adaptable Subjects in Turkey - Ethemcan Turhan;<br/>Part 3: Resistance:<br/>8. Workers and Environmentalists of the World Unite? Exploring Red-Green Politics in Union Support for Heathrow Expansion - Maya Goodfellow and Nithya Natarajan;<br/>9. A Changing Climate: Indigenous Participation in Extractive Industry - Kimberleigh Schultz<br/>10. Climate Change is Class War: Global Labour’s Challenge to the Capitalocene - Sabina Lawreniuk<br/>11. Conclusion: Towards a Reworking of Climate Adaptation as Labour ‘Resistance’ - Nithya Natarajan and Laurie Parsons;<br/>Index.
588 ## - SOURCE OF DESCRIPTION NOTE
Source of description note Description based on online resource; title from PDF title page (Site, viewed 07/13/2022).
650 #0 - SUBJECT ADDED ENTRY--TOPICAL TERM
Topical term or geographic name entry element Sustainable development
Geographic subdivision Developing countries
General subdivision Citizen participation.
650 #0 - SUBJECT ADDED ENTRY--TOPICAL TERM
Topical term or geographic name entry element Labor
Geographic subdivision Developing countries.
650 #0 - SUBJECT ADDED ENTRY--TOPICAL TERM
Topical term or geographic name entry element Climatic changes
Geographic subdivision Developing countries.
650 #0 - SUBJECT ADDED ENTRY--TOPICAL TERM
Topical term or geographic name entry element Environmental justice
Geographic subdivision Developing countries.
700 1# - ADDED ENTRY--PERSONAL NAME
Personal name Natarajan, Nithya
700 1# - ADDED ENTRY--PERSONAL NAME
Personal name Parsons, Laurie
760 ## - MAIN SERIES ENTRY
Edition Routledge advances in climate change research
942 ## - ADDED ENTRY ELEMENTS (KOHA)
Source of classification or shelving scheme Dewey Decimal Classification
Koha item type BOOKs
Holdings
Withdrawn status Lost status Source of classification or shelving scheme Materials specified (bound volume or other part) Damaged status Not for loan Home library Current library Shelving location Date acquired Source of acquisition Cost, normal purchase price Total Checkouts Total Renewals Full call number Barcode Date last seen Date last checked out Price effective from Koha item type Public note
    Dewey Decimal Classification PB     . . General Stacks 01.04.2024 Purchased - Educational Supplies 4047.00 2 2 331.25 NAT 39538 08.04.2026 16.03.2026 01.04.2024 BOOKs Recommended by Prof. Kamala Sankaran